[Event "CZE-chT2A 1213"]
[Site "Czech Republic"]
[Date "2013.01.20"]
[Round "7.1"]
[White "Nguyen, Dinh Phong"]
[Black "Hlavacek, Tomas"]
[Result "1/2-1/2"]
[WhiteElo "2135"]
[BlackElo "2026"]
[PlyCount "107"]
[EventDate "2012.10.14"]
[EventType "team-tourn"]
[EventRounds "11"]
[EventCountry "CZE"]
[SourceTitle "EXT 2015"]
[Source "ChessBase"]
[SourceDate "2014.11.20"]
[SourceVersion "1"]
[SourceVersionDate "2014.11.20"]
[SourceQuality "1"]
[WhiteTeam "Klatovy"]
[BlackTeam "Karlovy Vary II"]
[WhiteTeamCountry "CZE"]
[BlackTeamCountry "CZE"]

1. c4 c6 2. g3 Nf6 3. Bg2 d5 4. Nf3 Bf5 5. 0-0 Qc8 6. Qb3 dxc4 7. Qxc4 Be6 8. Qc2 Bh3 9. Nc3 Bxg2 10. Kxg2 e6 11. d4 Na6 12. a3 Be7 13. e4 h6 14. Bf4 0-0 15. Rac1 Rd8 16. Rfd1 Nc7 17. Qe2 Nce8 18. d5 Bf8 19. d6 Nd7 20. e5 g5 21. Bxg5 hxg5 22. Nxg5 Bg7 23. f4 Nf8 24. Nce4 b6 25. Qg4 Qb7 26. Rf1 c5 27. f5 f6 28. Nxe6 fxe5 29. Nxd8 Rxd8 30. f6 Nxd6 31. fxg7 Nh7 32. Rce1 Nxe4 33. Qxe4 Rd2+ 34. Rf2 Rxf2+ 35. Kxf2 Qf7+ 36. Kg2 Ng5 37. Qa8+ Kxg7 38. Rf1 Qe6 39. Rf2 e4 40. Qf8+ Kg6 41. Rd2 Qh3+ 42. Kf2 Qxh2+ 43. Ke1 Qxg3+ 44. Kd1 Qf3+ 45. Qxf3 exf3 46. Rd7 Kf5 47. Ke1 Ke4 48. Rg7 Kf4 49. Rxa7 Ke3 50. Re7+ Ne4 51. Re8 b5 52. Re7 c4 53. Re8 Kd3 54. Rb8 1/2-1/2

[Event "CZE-ch U20"]
[Site "Kouty nad Desnou"]
[Date "2011.03.16"]
[Round "7"]
[White "Nguyen, Dinh Phong"]
[Black "Krejci, Jan1111"]
[Result "0-1"]
[WhiteElo "2204"]
[BlackElo "2451"]
[PlyCount "46"]
[EventDate "2011.03.11"]
[EventType "tourn"]
[EventRounds "11"]
[EventCountry "CZE"]
[SourceTitle "EXT 2014"]
[Source "ChessBase"]
[SourceDate "2013.11.20"]
[SourceVersion "1"]
[SourceVersionDate "2013.11.20"]
[SourceQuality "1"]

1. e4 c5 2. Nf3 e6 3. d4 cxd4 4. Nxd4 Nc6 5. Nc3 Qc7 6. Be2 a6 7. 0-0 b5 8. a3 Bb7 9. Kh1 Nf6 10. f4 Nxd4 11. Qxd4 d5 12. exd5 Nxd5 13. Nxd5 Bxd5 14. f5 Rd8 15. Qg4 Qxc2 16. Bg5 h5 17. Qg3 h4 18. Bxh4 Qxe2 19. Bxd8 Bd6 20. Rf2 Bxg3 21. Rxe2 Kxd8 22. Rd1 Bxh2 23. fxe6 Bb8+ 0-1

[Event "CZE-ch U20"]
[Site "Kouty nad Desnou"]
[Date "2011.03.15"]
[Round "6"]
[White "Kuchynka, Lukas"]
[Black "Nguyen, Dinh Phong"]
[Result "1-0"]
[WhiteElo "2287"]
[BlackElo "2204"]
[PlyCount "83"]
[EventDate "2011.03.11"]
[EventType "tourn"]
[EventRounds "11"]
[EventCountry "CZE"]
[SourceTitle "EXT 2014"]
[Source "ChessBase"]
[SourceDate "2013.11.20"]
[SourceVersion "1"]
[SourceVersionDate "2013.11.20"]
[SourceQuality "1"]

1. e4 c5 2. Nc3 d6 3. f4 Nc6 4. Bb5 g6 5. Bxc6+ bxc6 6. d3 Bg7 7. Nf3 Nf6 8. e5 Nd5 9. Ne4 0-0 10. c4 Nc7 11. h3 Ne6 12. Be3 f5 13. exf6 exf6 14. 0-0 f5 15. Nc3 d5 16. Na4 Qd6 17. Qc1 d4 18. Bd2 Bd7 19. Ng5 Rae8 20. Nxe6 Rxe6 21. Re1 g5 22. Rxe6 Bxe6 23. Qf1 g4 24. h4 g3 25. Qf3 Rf6 26. Be1 Rg6 27. Bxg3 Rg4 28. Re1 Bf7 29. b3 Bh6 30. Re5 Qg6 31. Kf2 Qg7 32. Rxf5 Be6 33. Re5 Rg6 34. Nxc5 Bg4 35. Qe4 Qf7 36. Re7 Qf6 37. Qe5 Bxf4 38. Bxf4 Qxh4+ 39. Bg3 Rf6+ 40. Kg1 Qh6 41. Re8+ Kg7 42. Qe7+ 1-0

[Event "CZE-ch U20"]
[Site "Kouty nad Desnou"]
[Date "2011.03.14"]
[Round "5"]
[White "Nguyen, Dinh Phong"]
[Black "Pilch, Roman"]
[Result "1-0"]
[WhiteElo "2204"]
[BlackElo "2142"]
[PlyCount "47"]
[EventDate "2011.03.11"]
[EventType "tourn"]
[EventRounds "11"]
[EventCountry "CZE"]
[SourceTitle "EXT 2014"]
[Source "ChessBase"]
[SourceDate "2013.11.20"]
[SourceVersion "1"]
[SourceVersionDate "2013.11.20"]
[SourceQuality "1"]

1. e4 c5 2. Nf3 d6 3. d4 cxd4 4. Nxd4 Nf6 5. Nc3 a6 6. Bg5 e6 7. Qf3 h6 8. Bh4 Be7 9. 0-0-0 Nbd7 10. Qh3 Qc7 11. f4 b5 12. a3 Rb8 13. g4 Nc5 14. Bg2 b4 15. axb4 Rxb4 16. e5 dxe5 17. Nc6 Rb6 18. fxe5 Ng8 19. Bxe7 Nxe7 20. Rd8+ Qxd8 21. Nxd8 Kxd8 22. Qe3 Nd7 23. Rd1 Kc7 24. Na4 1-0

[Event "CZE-ch U20"]
[Site "Kouty nad Desnou"]
[Date "2011.03.13"]
[Round "3"]
[White "Nguyen, Dinh Phong"]
[Black "Kracik, Tomas"]
[Result "1/2-1/2"]
[WhiteElo "2204"]
[BlackElo "2101"]
[PlyCount "56"]
[EventDate "2011.03.11"]
[EventType "tourn"]
[EventRounds "11"]
[EventCountry "CZE"]
[SourceTitle "EXT 2014"]
[Source "ChessBase"]
[SourceDate "2013.11.20"]
[SourceVersion "1"]
[SourceVersionDate "2013.11.20"]
[SourceQuality "1"]

1. e4 e6 2. d4 d5 3. Nc3 Nf6 4. e5 Nfd7 5. Nf3 c5 6. dxc5 Nc6 7. Bf4 Nxc5 8. Bd3 Be7 9. 0-0 g5 10. Bg3 h5 11. h3 Qb6 12. Rb1 Bd7 13. b4 Nxd3 14. cxd3 g4 15. hxg4 hxg4 16. Nh2 Nd4 17. Qxg4 Nf5 18. Rfc1 Kf8 19. Ne2 Rg8 20. Qf3 Rg6 21. Rd1 Bb5 22. Ng4 Nxg3 23. Qxg3 Kg7 24. Nf4 Rg5 25. Nh5+ Kg6 26. Nf4+ Kg7 27. Nh3 Rg6 28. Nf4 Rg5 1/2-1/2

[Event "CZE-ch U20"]
[Site "Kouty nad Desnou"]
[Date "2011.03.12"]
[Round "2"]
[White "Vlasak, Lukas"]
[Black "Nguyen, Dinh Phong"]
[Result "1-0"]
[WhiteElo "2246"]
[BlackElo "2204"]
[PlyCount "43"]
[EventDate "2011.03.11"]
[EventType "tourn"]
[EventRounds "11"]
[EventCountry "CZE"]
[SourceTitle "EXT 2014"]
[Source "ChessBase"]
[SourceDate "2013.11.20"]
[SourceVersion "1"]
[SourceVersionDate "2013.11.20"]
[SourceQuality "1"]

1. e4 c5 2. Nf3 Nc6 3. d4 cxd4 4. Nxd4 e5 5. Nb5 d6 6. a4 Be7 7. N1c3 a6 8. Na3 f5 9. Bc4 Nf6 10. exf5 Nd4 11. 0-0 d5 12. Nxd5 Nxd5 13. c3 b5 14. Bxd5 Qxd5 15. cxd4 exd4 16. Re1 Bb7 17. Qg4 Kf8 18. Rxe7 Kxe7 19. Qxg7+ Kd6 20. Bf4+ Kc5 21. Qc7+ Kb4 22. Bd2+ 1-0

[Event "CZE-ch U20"]
[Site "Kouty nad Desnou"]
[Date "2011.03.11"]
[Round "1"]
[White "Nguyen, Dinh Phong"]
[Black "Seidl, Stepan"]
[Result "0-1"]
[WhiteElo "2204"]
[BlackElo "2108"]
[PlyCount "94"]
[EventDate "2011.03.11"]
[EventType "tourn"]
[EventRounds "11"]
[EventCountry "CZE"]
[SourceTitle "EXT 2014"]
[Source "ChessBase"]
[SourceDate "2013.11.20"]
[SourceVersion "1"]
[SourceVersionDate "2013.11.20"]
[SourceQuality "1"]

1. e4 g6 2. d4 Bg7 3. Nc3 d6 4. Nf3 Nf6 5. Bg5 c6 6. Qd2 h5 7. Bd3 Na6 8. 0-0-0 Nb4 9. Rhe1 Nxd3+ 10. Qxd3 Nh7 11. Bf4 0-0 12. Qe3 b5 13. e5 d5 14. Bh6 Bg4 15. h3 Bxf3 16. gxf3 e6 17. Rg1 Bxh6 18. Qxh6 Kh8 19. Ne2 Rg8 20. Qf4 Qe7 21. Kb1 a5 22. Nc1 Kg7 23. Nd3 Nf8 24. Rg2 Nd7 25. Rdg1 Rac8 26. Rg5 Rh8 27. Qe3 Rh6 28. Nf4 Rch8 29. Nd3 Rc8 30. Nc5 Nxc5 31. dxc5 Rd8 32. Qd4 Kf8 33. Qf4 Ke8 34. Qd4 Rh8 35. f4 Rb8 36. f5 gxf5 37. Qd1 Qxc5 38. Rxh5 Ke7 39. Rxh8 Rxh8 40. Qf3 Qd4 41. Qg3 f4 42. Qg5+ Ke8 43. Qf6 Rf8 44. Rf1 a4 45. h4 b4 46. Rc1 a3 47. c3 Qxf2 0-1

[Event "CZE-chT2B 1011"]
[Site "Czech Republic"]
[Date "2011.02.20"]
[Round "8.4"]
[White "Tichy, Stepan"]
[Black "Nguyen, Dinh Phong"]
[Result "0-1"]
[WhiteElo "2076"]
[BlackElo "2204"]
[PlyCount "92"]
[EventDate "2010.10.17"]
[EventType "team-tourn"]
[EventRounds "11"]
[EventCountry "CZE"]
[SourceTitle "EXT 2012"]
[Source "ChessBase"]
[SourceDate "2011.11.24"]
[SourceVersion "1"]
[SourceVersionDate "2011.11.24"]
[SourceQuality "1"]
[WhiteTeam "Karlovy Vary"]
[BlackTeam "Teplice"]
[WhiteTeamCountry "CZE"]
[BlackTeamCountry "CZE"]

1. c4 Nf6 2. Nc3 g6 3. e4 d6 4. d4 Bg7 5. f3 0-0 6. Be3 Nc6 7. Bd3 e5 8. d5 Nd4 9. Nge2 Nh5 10. Nb5 c5 11. dxc6 bxc6 12. Nbxd4 exd4 13. Bf2 c5 14. g4 Nf6 15. Bg3 Bb7 16. 0-0 Rc8 17. Rb1 Qe7 18. b4 cxb4 19. Qa4 Nd7 20. Qxb4 Nc5 21. Qd2 Ba6 22. Rfc1 g5 23. Bf2 Ne6 24. Ng3 Be5 25. Nf5 Qf6 26. Bg3 Rc5 27. Rb4 Rfc8 28. Rcb1 Nf4 29. Bf1 h5 30. gxh5 Nxh5 31. Rb8 Kh7 32. Rxc8 Bxc8 33. Bxe5 dxe5 34. Rb5 Rxb5 35. cxb5 Bxf5 36. exf5 Nf4 37. Qc2 Kg7 38. a4 d3 39. Qf2 Qd6 40. Qd2 Qd4+ 41. Kh1 Qxa4 42. h4 gxh4 43. Qf2 Qa1 44. Kh2 d2 45. Qxh4 Qe1 46. f6+ Kg6 0-1

[Event "CZE-chT U20 final-A 0910"]
[Site "Pavla Vlachovice"]
[Date "2010.04.25"]
[Round "11.2"]
[White "Olsarova, Karolina"]
[Black "Nguyen, Dinh Phong"]
[Result "0-1"]
[WhiteElo "2250"]
[BlackElo "2177"]
[PlyCount "56"]
[EventDate "2010.04.23"]
[EventType "team-tourn"]
[EventRounds "11"]
[EventCountry "CZE"]
[SourceTitle "EXT 2011"]
[Source "ChessBase"]
[SourceDate "2010.11.26"]
[SourceVersion "1"]
[SourceVersionDate "2010.11.26"]
[SourceQuality "1"]
[WhiteTeam "Orlova (U20)"]
[BlackTeam "Klatovy (U20)"]
[WhiteTeamCountry "CZE"]
[BlackTeamCountry "CZE"]

1. e4 g6 2. d4 Bg7 3. Nc3 d6 4. f4 Nc6 5. d5 Nb8 6. Nf3 Nf6 7. Bc4 0-0 8. 0-0 c6 9. dxc6 Nxc6 10. Kh1 e6 11. Bb3 b5 12. Qd3 b4 13. Ne2 a5 14. c4 a4 15. Bc2 Bb7 16. Ng3 b3 17. axb3 Nb4 18. Qc3 Nxc2 19. Rxa4 Na1 20. Qd3 Qb6 21. Nd4 Ng4 22. Nge2 e5 23. fxe5 dxe5 24. Rxa8 Bxa8 25. h3 exd4 26. hxg4 Qxb3 27. Qd2 Bxe4 28. Nxd4 Qh3+ 0-1

[Event "CZE-chT U20 final-A 0910"]
[Site "Pavla Vlachovice"]
[Date "2010.04.24"]
[Round "9.2"]
[White "Hosek, Martin"]
[Black "Nguyen, Dinh Phong"]
[Result "1/2-1/2"]
[WhiteElo "1887"]
[BlackElo "2177"]
[PlyCount "56"]
[EventDate "2010.04.23"]
[EventType "team-tourn"]
[EventRounds "11"]
[EventCountry "CZE"]
[SourceTitle "EXT 2011"]
[Source "ChessBase"]
[SourceDate "2010.11.26"]
[SourceVersion "1"]
[SourceVersionDate "2010.11.26"]
[SourceQuality "1"]
[WhiteTeam "Brno (U20)"]
[BlackTeam "Klatovy (U20)"]
[WhiteTeamCountry "CZE"]
[BlackTeamCountry "CZE"]

1. d4 Nf6 2. c4 g6 3. Nc3 Bg7 4. e4 d6 5. f3 0-0 6. Be3 Nc6 7. Bd3 e5 8. d5 Nd4 9. Nge2 c5 10. dxc6 bxc6 11. Nxd4 exd4 12. Bxd4 Rb8 13. Qd2 c5 14. Be3 Re8 15. 0-0 Nd7 16. Rac1 Ne5 17. Be2 Nc6 18. Nb5 a6 19. Nxd6 Bd4 20. Bxd4 Qxd6 21. Bc3 Qxd2 22. Bxd2 Rxb2 23. Rfd1 Rd8 24. Bg5 Rxd1+ 25. Bxd1 Kg7 26. Rc2 Rb1 27. Rc1 Rb2 28. Rc2 Rb1 1/2-1/2

[Event "CZE-chT U20 final-A 0910"]
[Site "Pavla Vlachovice"]
[Date "2010.04.24"]
[Round "10.2"]
[White "Nguyen, Dinh Phong"]
[Black "Kociscak, Jiri"]
[Result "1-0"]
[WhiteElo "2177"]
[BlackElo "2294"]
[PlyCount "61"]
[EventDate "2010.04.23"]
[EventType "team-tourn"]
[EventRounds "11"]
[EventCountry "CZE"]
[SourceTitle "EXT 2011"]
[Source "ChessBase"]
[SourceDate "2010.11.26"]
[SourceVersion "1"]
[SourceVersionDate "2010.11.26"]
[SourceQuality "1"]
[WhiteTeam "Klatovy (U20)"]
[BlackTeam "Frydek Mistek (U20)"]
[WhiteTeamCountry "CZE"]
[BlackTeamCountry "CZE"]

1. e4 e5 2. Nf3 Nc6 3. d4 exd4 4. c3 d5 5. exd5 Qxd5 6. cxd4 Nf6 7. Be2 Be7 8. Nc3 Qd8 9. 0-0 0-0 10. h3 Nb4 11. a3 Nbd5 12. Bd3 Re8 13. Ne5 h6 14. Nxd5 Nxd5 15. Qf3 Be6 16. Bd2 c6 17. Rad1 Bg5 18. Qe4 f5 19. Qf3 Bxd2 20. Rxd2 Qg5 21. Rdd1 Rad8 22. Bc4 Re7 23. Rfe1 Kh7 24. Bd3 Nf4 25. h4 Qxh4 26. g3 Nh3+ 27. Kg2 Qf6 28. Kxh3 Rxd4 29. Kh2 Kg8 30. Qe3 c5 31. Nf3 1-0

[Event "CZE-chT2A 0910"]
[Site "Czech Republic"]
[Date "2010.04.18"]
[Round "11.3"]
[White "Nguyen, Dinh Phong"]
[Black "Smid, Miroslav"]
[Result "1/2-1/2"]
[WhiteElo "2163"]
[BlackElo "2186"]
[PlyCount "48"]
[EventDate "2009.10.18"]
[EventType "team-tourn"]
[EventRounds "11"]
[EventCountry "CZE"]
[SourceTitle "EXT 2012"]
[Source "ChessBase"]
[SourceDate "2011.11.24"]
[SourceVersion "1"]
[SourceVersionDate "2011.11.24"]
[SourceQuality "1"]
[WhiteTeam "Domazlice"]
[BlackTeam "Praha Bohemians II"]
[WhiteTeamCountry "CZE"]
[BlackTeamCountry "CSR"]

1. e4 e5 2. Nf3 Nc6 3. d4 exd4 4. c3 d5 5. exd5 Qxd5 6. cxd4 Bg4 7. Be2 Bb4+ 8. Nc3 Nf6 9. 0-0 Bxc3 10. bxc3 0-0 11. c4 Qd6 12. Bb2 Qb4 13. Qc1 Rfe8 14. Bc3 Qd6 15. Qc2 Ne4 16. Rfe1 Nxc3 17. Qxc3 Bxf3 18. Bxf3 Nxd4 19. Bxb7 Rad8 20. Bf3 Rxe1+ 21. Rxe1 Nxf3+ 22. Qxf3 Qd2 23. Qe4 g6 24. Qe7 Qd6 1/2-1/2

[Event "Pobeskydy ArcelorMittal op 21st"]
[Site "Frydek Mistek"]
[Date "2010.04.04"]
[Round "7"]
[White "Nguyen, Dinh Phong"]
[Black "Nayhebaver, Martin"]
[Result "1/2-1/2"]
[WhiteElo "2192"]
[BlackElo "1970"]
[PlyCount "62"]
[EventDate "2010.04.01"]
[EventType "swiss"]
[EventRounds "9"]
[EventCountry "CZE"]
[SourceTitle "CBM 135 Extra"]
[Source "ChessBase"]
[SourceDate "2010.05.04"]
[SourceVersion "1"]
[SourceVersionDate "2010.05.04"]
[SourceQuality "1"]

1. e4 c5 2. Nf3 Nc6 3. Nc3 Nf6 4. Bb5 g6 5. Qe2 a6 6. e5 Nb4 7. d3 Nfd5 8. Nxd5 Nxd5 9. Bc4 Nb6 10. Bb3 Bg7 11. Bf4 0-0 12. 0-0 d6 13. h3 d5 14. c3 Bd7 15. Qe3 Rc8 16. Bh6 Bf5 17. Bxg7 Kxg7 18. Nh4 e6 19. Nf3 h5 20. Rad1 Nd7 21. Rfe1 c4 22. Bc2 Nc5 23. Nd4 Bxd3 24. Bxd3 Nxd3 25. Re2 Qh4 26. Nf3 Qe7 27. Nd4 b5 28. a3 Rc7 29. f4 Qh4 30. Rf1 Kh7 31. g3 Qe7 1/2-1/2

[Event "Pobeskydy ArcelorMittal op 21st"]
[Site "Frydek Mistek"]
[Date "2010.04.03"]
[Round "5"]
[White "Nguyen, Dinh Phong"]
[Black "Jacko, Vladimir1111"]
[Result "0-1"]
[WhiteElo "2192"]
[BlackElo "2064"]
[PlyCount "48"]
[EventDate "2010.04.01"]
[EventType "swiss"]
[EventRounds "9"]
[EventCountry "CZE"]
[SourceTitle "CBM 135 Extra"]
[Source "ChessBase"]
[SourceDate "2010.05.04"]
[SourceVersion "1"]
[SourceVersionDate "2010.05.04"]
[SourceQuality "1"]

1. e4 c5 2. Nf3 Nc6 3. d4 cxd4 4. Nxd4 g6 5. Be2 Bg7 6. Nb3 Nf6 7. Nc3 0-0 8. 0-0 d6 9. Kh1 a5 10. a4 Be6 11. Bg5 Rc8 12. f4 Nb4 13. Bf3 Qb6 14. Ra3 Bc4 15. Re1 Qf2 16. Na1 h6 17. e5 dxe5 18. Bxf6 exf6 19. Ne4 Qb6 20. Qd6 Rc6 21. Nxf6+ Bxf6 22. Bxc6 Qxc6 23. fxe5 Qxd6 24. exd6 Bxb2 0-1

[Event "Pobeskydy ArcelorMittal op 21st"]
[Site "Frydek Mistek"]
[Date "2010.04.02"]
[Round "3"]
[White "Nguyen, Dinh Phong"]
[Black "Leks, Maria"]
[Result "1-0"]
[WhiteElo "2192"]
[BlackElo "1962"]
[PlyCount "67"]
[EventDate "2010.04.01"]
[EventType "swiss"]
[EventRounds "9"]
[EventCountry "CZE"]
[SourceTitle "CBM 135 Extra"]
[Source "ChessBase"]
[SourceDate "2010.05.04"]
[SourceVersion "1"]
[SourceVersionDate "2010.05.04"]
[SourceQuality "1"]

1. e4 c5 2. Nf3 e6 3. d4 cxd4 4. Nxd4 a6 5. Nc3 b5 6. Bd3 Bb7 7. 0-0 d6 8. Qe2 Nf6 9. Bd2 Nbd7 10. Rad1 Be7 11. Kh1 Nc5 12. a3 0-0 13. f4 d5 14. e5 Nfe4 15. b4 Nxd3 16. cxd3 Nxc3 17. Bxc3 Rc8 18. Bb2 a5 19. f5 Bh4 20. Rb1 Re8 21. f6 Bg5 22. Qg4 Bh6 23. Bc1 Rxc1 24. Rbxc1 g6 25. Rc5 axb4 26. axb4 Bf8 27. Rc2 Qb6 28. Nb3 d4 29. Qxd4 Qxd4 30. Nxd4 Rd8 31. Nc6 Bxc6 32. Rxc6 Rxd3 33. Rc8 Rd4 34. Ra1 1-0

[Event "Pobeskydy ArcelorMittal op 21st"]
[Site "Frydek Mistek"]
[Date "2010.04.01"]
[Round "2"]
[White "Kawulok, Marek"]
[Black "Nguyen, Dinh Phong"]
[Result "0-1"]
[WhiteElo "2001"]
[BlackElo "2192"]
[PlyCount "62"]
[EventDate "2010.04.01"]
[EventType "swiss"]
[EventRounds "9"]
[EventCountry "CZE"]
[SourceTitle "CBM 135 Extra"]
[Source "ChessBase"]
[SourceDate "2010.05.04"]
[SourceVersion "1"]
[SourceVersionDate "2010.05.04"]
[SourceQuality "1"]

1. e4 c5 2. Nf3 Nc6 3. d4 cxd4 4. Nxd4 e5 5. Nb5 d6 6. N1c3 a6 7. Na3 b5 8. Nd5 Nge7 9. c4 Nd4 10. Be3 Nxd5 11. cxd5 Be7 12. Be2 Nxe2 13. Qxe2 0-0 14. 0-0 f5 15. exf5 Bxf5 16. Nc2 Qe8 17. Nb4 Qg6 18. f3 Rae8 19. Qd2 Bf6 20. Nxa6 e4 21. f4 Bd8 22. Rfc1 Re7 23. Kh1 Qh5 24. Bd4 e3 25. Bxe3 Rf6 26. Re1 Be4 27. Re2 Rh6 28. Bg1 Bb6 29. Rf2 Bxf2 30. Qxf2 Rg6 31. Rc1 Bxg2+ 0-1

[Event "CZE-ch U20"]
[Site "Kouty nad Desnou"]
[Date "2010.03.09"]
[Round "6"]
[White "Nguyen, Dinh Phong"]
[Black "Kratochvil, Josef"]
[Result "0-1"]
[WhiteElo "2192"]
[BlackElo "2257"]
[PlyCount "94"]
[EventDate "2010.03.05"]
[EventType "tourn"]
[EventRounds "11"]
[EventCountry "CZE"]
[EventCategory "2"]
[SourceTitle "CBM 135 Extra"]
[Source "ChessBase"]
[SourceDate "2010.05.04"]
[SourceVersion "1"]
[SourceVersionDate "2010.05.04"]
[SourceQuality "1"]

1. e4 c5 2. Nf3 d6 3. d4 cxd4 4. Nxd4 Nf6 5. Nc3 g6 6. Be2 Bg7 7. 0-0 0-0 8. Bg5 Nc6 9. Nb3 a6 10. f4 Be6 11. Kh1 Rc8 12. Bf3 Nd7 13. Rb1 b5 14. Nd5 Re8 15. c3 a5 16. Qe1 a4 17. Nd2 Nc5 18. Qh4 f6 19. Bh6 Bf7 20. Bxg7 Kxg7 21. Ne3 e5 22. f5 g5 23. Qh3 h5 24. Be2 Rb8 25. b3 axb3 26. axb3 b4 27. Nc2 Rh8 28. Rfd1 Qb6 29. Qe3 Rhd8 30. c4 Nd7 31. Qh3 Nd4 32. Nxd4 Qxd4 33. Nf1 Qxe4 34. Ng3 Qh4 35. Qxh4 gxh4 36. Ne4 Nc5 37. Nxd6 Rb6 38. Nb5 Rxd1+ 39. Rxd1 Nxb3 40. Rd7 Nc5 41. Rc7 Na6 42. Ra7 b3 43. Nc3 b2 44. h3 b1Q+ 45. Nxb1 Rxb1+ 46. Kh2 Nc5 47. Bxh5 Rb7 0-1

[Event "CZE-chT2A 0910"]
[Site "Czech Republic"]
[Date "2010.01.17"]
[Round "5.3"]
[White "Nguyen, Dinh Phong"]
[Black "Hosticka, Frantisek"]
[Result "1/2-1/2"]
[WhiteElo "2163"]
[BlackElo "2171"]
[PlyCount "115"]
[EventDate "2009.10.18"]
[EventType "team-tourn"]
[EventRounds "11"]
[EventCountry "CZE"]
[SourceTitle "EXT 2012"]
[Source "ChessBase"]
[SourceDate "2011.11.24"]
[SourceVersion "1"]
[SourceVersionDate "2011.11.24"]
[SourceQuality "1"]
[WhiteTeam "Domazlice"]
[BlackTeam "Zebrak"]
[WhiteTeamCountry "CZE"]
[BlackTeamCountry "CZE"]

1. e4 Nf6 2. e5 Nd5 3. d4 d6 4. c4 Nb6 5. exd6 cxd6 6. Nc3 g6 7. Be3 Bg7 8. Rc1 0-0 9. Be2 Nc6 10. d5 Ne5 11. b3 a5 12. f4 Ned7 13. Nf3 Nf6 14. Nd4 Nbd7 15. 0-0 Nc5 16. Bf3 Bd7 17. a3 Qc8 18. h3 Bf5 19. b4 axb4 20. axb4 Na6 21. Na4 Qe8 22. Nb6 Rb8 23. Qb3 Be4 24. Bxe4 Nxe4 25. Qb1 Nd2 26. Qb2 Nxf1 27. Kxf1 e5 28. fxe5 Qxe5 29. Bf2 Qf4 30. Rd1 Rfe8 31. g3 Qh6 32. Kg2 Re4 33. Qb1 Rbe8 34. Ne6 Re2 35. Nf4 Rb2 36. Qd3 Nxb4 37. Qa3 Nc2 38. Qa4 Rf8 39. Rd2 Na1 40. Rxb2 Bxb2 41. c5 dxc5 42. Bxc5 Qg7 43. Bxf8 Qxf8 44. Nc4 Bf6 45. d6 b5 46. Qxb5 Qa8+ 47. Nd5 Nb3 48. h4 Qa2+ 49. Kh3 Qf2 50. Nce3 Nd4 51. Qe8+ Kg7 52. Nf4 Qg1 53. Qe4 Qf2 54. d7 Nf3 55. Nh5+ gxh5 56. Nf5+ Kg6 57. Nd4+ Kg7 58. Nf5+ 1/2-1/2

[Event "Pobeskydy ArcelorMittal op"]
[Site "Frydek Mistek"]
[Date "2009.04.12"]
[Round "7"]
[White "Nguyen, Dinh Phong"]
[Black "Trombik, Karel"]
[Result "0-1"]
[WhiteElo "2032"]
[BlackElo "2143"]
[PlyCount "72"]
[EventDate "2009.04.09"]
[EventType "swiss"]
[EventRounds "9"]
[EventCountry "CZE"]
[SourceTitle "CBM 129 Extra"]
[Source "ChessBase"]
[SourceDate "2009.05.05"]
[SourceVersion "2"]
[SourceVersionDate "2009.05.20"]
[SourceQuality "1"]

1. e4 Nf6 2. e5 Nd5 3. d4 d6 4. c4 Nb6 5. exd6 exd6 6. Nc3 Be7 7. Bd3 Nc6 8. Be3 Bf6 9. Nge2 0-0 10. 0-0 Nb4 11. b3 Nxd3 12. Qxd3 g6 13. Rad1 Bg7 14. Ng3 f5 15. f4 c6 16. d5 c5 17. a3 Nd7 18. Rfe1 Nf6 19. h3 a6 20. b4 b6 21. Rb1 Bd7 22. Nf1 Qc7 23. Nh2 Rac8 24. bxc5 bxc5 25. Nf3 h6 26. Nh4 Be8 27. Bf2 Nh5 28. Ne2 Nf6 29. Nc3 Kh7 30. Kh1 Nh5 31. Ne2 Nf6 32. Nc3 Bf7 33. Rg1 Rfe8 34. Be3 Qe7 35. Rbe1 Ne4 36. Nxe4 fxe4 0-1

[Event "Pobeskydy ArcelorMittal op"]
[Site "Frydek Mistek"]
[Date "2009.04.09"]
[Round "2"]
[White "Nguyen, Dinh Phong"]
[Black "Lys, Josef"]
[Result "1-0"]
[WhiteElo "2032"]
[BlackElo "2196"]
[PlyCount "95"]
[EventDate "2009.04.09"]
[EventType "swiss"]
[EventRounds "9"]
[EventCountry "CZE"]
[SourceTitle "CBM 129 Extra"]
[Source "ChessBase"]
[SourceDate "2009.05.05"]
[SourceVersion "2"]
[SourceVersionDate "2009.05.20"]
[SourceQuality "1"]

1. e4 e5 2. Nf3 d6 3. d4 exd4 4. Qxd4 Nf6 5. Nc3 Be7 6. Bf4 0-0 7. 0-0-0 Nc6 8. Qd2 a6 9. h3 b5 10. Bd3 Nb4 11. e5 dxe5 12. Bxe5 Be6 13. Qf4 Nfd5 14. Nxd5 Nxd5 15. Qg3 f6 16. Qh4 g6 17. Qh6 Rf7 18. Bxg6 hxg6 19. Ng5 Bf8 20. Qxg6+ Rg7 21. Nxe6 Rxg6 22. Nxd8 Rxd8 23. Bxc7 Rd7 24. g4 f5 25. Be5 fxg4 26. Rhg1 Bh6+ 27. Kb1 Nf6 28. Rxd7 Nxd7 29. Bd4 Nf6 30. a4 Kf7 31. Bxf6 gxh3 32. Rh1 Rxf6 33. axb5 axb5 34. Rxh3 Bf8 35. Rh5 Rb6 36. c3 Ke6 37. Kc2 Kd6 38. Rh8 Bg7 39. Rh7 Rb7 40. Kb3 Kc6 41. f4 Bf8 42. Rxb7 Kxb7 43. Kc2 Bd6 44. f5 Be5 45. Kd3 Kc6 46. b3 Kd6 47. c4 b4 48. Ke3 1-0

[Event "CZE-ch U16"]
[Site "Kouty nad Desnou"]
[Date "2009.03.08"]
[Round "2"]
[White "Rabatin, Jakub"]
[Black "Nguyen, Dinh Phong"]
[Result "1-0"]
[WhiteElo "2076"]
[BlackElo "2040"]
[PlyCount "65"]
[EventDate "2009.03.07"]
[EventType "swiss"]
[EventRounds "9"]
[EventCountry "CZE"]
[SourceTitle "EXT 2011"]
[Source "ChessBase"]
[SourceDate "2010.11.26"]
[SourceVersion "1"]
[SourceVersionDate "2010.11.26"]
[SourceQuality "1"]

1. e4 c5 2. Nf3 Nc6 3. d4 cxd4 4. Nxd4 Nf6 5. Nc3 d6 6. Bg5 e6 7. Qd2 Be7 8. 0-0-0 0-0 9. f3 Nxd4 10. Qxd4 a6 11. h4 b5 12. Kb1 Bb7 13. Qd2 Rc8 14. Bd3 e5 15. g4 b4 16. Nd5 Nxd5 17. exd5 Rc5 18. Be4 a5 19. Be3 Rc8 20. Qd3 h6 21. g5 h5 22. g6 f5 23. Bxf5 Rxf5 24. Qxf5 Qc7 25. Qxh5 Qxc2+ 26. Ka1 Bf6 27. Rc1 Qg2 28. Rxc8+ Bxc8 29. Rc1 Bd7 30. Qh7+ Kf8 31. Qh8+ Ke7 32. Bg5 e4 33. Qxg7+ 1-0